00241nam a2200085Ia 4500008004100000041000800041100002000049245005500069260003100124241105s9999 xx 000 0 und d aeng aKulkarni Sanika aSchool Of Arts Architecture And Technology At Pune bBNCA B-Arch ID, Punec2016